Équipe du Brésil de football à la Coupe du monde 2002 - Statistiques

Statistiques générales
  • Ce quiz a été pris 110 fois
  • Le résultat moyen est 10 sur 23
Statistiques - réponses
Poste Club Joueur % Correct
Attaquant Inter Milan Ronaldo
99%
Milieu Paris Saint Germain Ronaldinho
98%
Défenseur Real Madrid Roberto Carlos
90%
Défenseur AS Rome Cafu
88%
Milieu São Paulo FC Kaká
84%
Milieu AC Milan Rivaldo
83%
Gardien SC Corinthians Dida
78%
Défenseur Bayer Leverkusen Lúcio
69%
Milieu Atlético Mineiro Gilberto Silva
47%
Défenseur Olympique Lyonnais Edmílson
40%
Milieu Real Betis Séville Denílson
30%
Défenseur AC Milan Roque Júnior
29%
Gardien SE Palmeiras Marcos
27%
Milieu Atlético Paranaense Kléberson
23%
Défenseur Parme FC Júnior
20%
Milieu Fluminense FC Vampeta
20%
Milieu CR Flamengo Juninho Paulista
19%
Gardien São Paulo FC Rogério Ceni
17%
Attaquant Cruzeiro EC Edílson
14%
Défenseur São Paulo FC Belletti
13%
Attaquant Grêmio Porto Alegre Luizão
13%
Défenseur Grêmio Porto Alegre Anderson Polga
10%
Milieu São Paulo FC Ricardinho
9%
Aucun quiz correspondant
Distribution des résultats
% des personnes avec chaque résultat
Percentile par nombre de réponses
Votre historique - résultats
Vous n’avez pas pris ce quiz